British History by Letter - M - Statistics

General Stats
  • This quiz has been taken 838 times
    657 since last reset
  • The average score is 8 of 13
Answer Stats
Hint Answer % Correct
Scottish Queen forced to abdicate in favour of her infant son, later executed by Elizabeth I of England Mary Queen of Scots
97%
'Great Charter' signed by King John Magna Carta
96%
King of Scotland, later immortalised in a Shakespeare play Macbeth
95%
City in Northern England, the birthplace of the Industrial Revolution Manchester
95%
Ship on which the Pilgrim Fathers sailed from Plymouth to North America Mayflower
87%
Anglo-Saxon kingdom of England Mercia
55%
Police force founded by Victorian politician, Robert Peel Metropolitan Police
53%
Last Viceroy of India who oversaw the partition of India and Pakistan, later assassinated by the IRA Lord Mountbatten
51%
Conflict between British forces and indigenous rebels in the British Kenya Colony, many of whom would be later tortured Mau Mau Uprising
49%
Empress and heir to the English throne who was deemed as a woman, 'unfit to rule' Matilda
39%
Founding treaty of the European Union, signed by the United Kingdom in 1992 Maastricht Treaty
31%
Scot who helped Bonnie Prince Charlie evade capture after his defeat at the Battle of Culloden Flora Macdonald
19%
Largest battle of the English Civil War Battle of Marston Moor
14%
No matching quizzes found
Score Distribution
Percent of People with Each Score
Percentile by Number Answered
Your Score History
You have not taken this quiz since the last reset